Guide to high fidelity

保存先:
書誌詳細
団体著者: The Institute of High Fidelity
フォーマット: 図書
言語:Undetermined
出版事項: New York Radio Shack 1974
主題:
タグ: タグ追加
タグなし, このレコードへの初めてのタグを付けませんか!
Thư viện lưu trữ: Trung tâm Học liệu Trường Đại học Cần Thơ
LEADER 00511nam a2200181Ia 4500
001 CTU_84034
008 210402s9999 xx 000 0 und d
082 |a 621.389 
082 |b I.59 
110 |a The Institute of High Fidelity 
245 0 |a Guide to high fidelity 
245 4 |c The Institute of High Fidelity 
260 |a New York 
260 |b Radio Shack 
260 |c 1974 
650 |a High-fidelity sound systems 
904 |i Qhieu(sửa) 
980 |a Trung tâm Học liệu Trường Đại học Cần Thơ